• 首页
  • 本馆介绍
  • 公告通知
  • 最新文献
  • 馆藏检索
  • 电子资源
  • 读者导购
  • 参考咨询
  • 我的图书馆
  • 登录
  • 详细信息显示
  • 放入我的书架
  • 预约/预借图书
  • 作者相关作品
  • 分类相关作品
  • 丛书相关作品
  • 出版社相关作品

书目信息

  • 表格格式
  • 工作单格式
  • 卡片格式
题名:
马克思《手稿》中的美学思想
    
 
作者: 程代熙 编
分册:  
出版信息: 西安   陕西人民出版社  1983.02
页数: 597页
开本: 21cm
丛书名:
单 册:
中图分类: A811.63
科图分类:
主题词: 马恩著作研究--专题汇编--哲学
电子资源:
ISBN:
000 00622nam0 2200205 45
001 0211120825
005 20060815092809.73
010    @dCNY1.80
091    @a2094.30
100    @a20021112d1983 km y0chiy0120 ea
101 0  @achi
200 1  @a马克思《手稿》中的美学思想@AMa Ke Si《Shou Gao》Zhong De Mei Xue Si Xiang@e讨论集@ETao Lun Ji@f程代熙编@FCheng Dai Xi Bian
210    @a西安@c陕西人民出版社@d1983.02
215    @a597页@d21cm
517    @a讨论集@ATao Lun Ji
606 0  @a马恩著作研究@x专题汇编@x哲学
690    @aA811.63@v3
701  0 @a程代熙@4编
801    @aCN@bTSTC@c20060815
905    @dA811.63@e106@f1@b202595
    
    马克思《手稿》中的美学思想:讨论集/程代熙编.-西安:陕西人民出版社,1983.02
    597页;21cm
    
    
    ISBN :CNY1.80
    
●
相关链接 在E读中查询图书 在五车中查询图书 在当当中查询图书 在豆瓣中查询图书


正题名:马克思《手稿》中的美学思想     索取号:A811.63/106         预约/预借

序号 登录号 条形码 馆藏地/架位号 状态 备注
1 0202595   001981591   第一样本阅览室/ [索取号:A811.63/106] 在馆    
2 0202596   000958761   第一借阅区/ [索取号:A811.63/106] 在馆    
3 0202597   001610616   第一借阅区/ [索取号:A811.63/106] 在馆    
4 0460166   204601662   密集书库/ [索取号:A811.63/106] 在馆    
5 0460167   204601671   密集书库/ [索取号:A811.63/106] 在馆    
6 0460168   204601680   密集书库/ [索取号:A811.63/106] 在馆    
唐山师范学院图书馆 欢迎您!
大连网信软件有限公司© 版权所有